Statistics for Names in Song Titles (1970s)

Click here to take the quiz!

General Stats

  • This quiz has been taken 65 times
  • The average score is 12 of 20

Answer Stats

ArtistSong% Correct
Jim CroceBad Bad {Leroy} Brown
86%
Rod Stewart{Maggie} May
86%
Elton John{Bennie} and the Jets
82%
The KnackMy {Sharona}
80%
The Kinks{Lola}
77%
John Denver{Annie}'s Song
75%
Bo Donaldson & the Heywoods / Paper Lace{Billy} Don't Be a Hero
71%
Derek & the Dominos{Layla}
71%
Abba{Fernando}
61%
Barry Manilow{Mandy}
59%
Steely Dan{Rikki} Don't Lose That Number
59%
Don McLean{Vincent}
57%
Paul McCartneyUncle {Albert /} Admiral Halsey
55%
Dr. Hook & the Medicine Show{Sylvia}'s Mother
54%
David Bowie{John} I'm Only Dancing
46%
Kenny Rogers{Lucille}
46%
T. RexTelegram {Sam}
46%
Hall & Oates{Sara} Smile
45%
KISS{Beth}
39%
Bruce Springsteen{Rosalita} (Come Out Tonight)
21%

Score Distribution

Percentile by Number Answered

Percent of People with Each Score

Your Score History

You have not taken this quiz